000 00304nam a22001457a 4500
008 231004b ||||| |||| 00| 0 eng d
020 _a9780452284579
041 _aeng
080 _a53
082 _a53ACZ
100 _a23
101 _aMATEM
245 _aENTANGLEMENT
_cACZEL.D.A
942 _2udc
_cBK
999 _c60414
_d60414